00374nam a2200133Ia 450000500170000000800410001702000180005808200210007610000220009724500560011926000270017530000120020265000260021420250417142242.0231217s9999 xx 000 0 und d a9788131403358 a323.64 RED;1 R aReddy, Sumati ed. 0aExpatriate management : perspectives and challenges c2006bIcfaiaHyderabad axi, 276 aExpatriate,management